U.S. License Plates - Statistics

General Stats
  • This quiz has been taken 53 times
  • The average score is 13 of 15
Answer Stats
Picture Answer % Correct
Hawaii
100%
Texas
100%
Idaho
96%
Colorado
94%
New Jersey
94%
New Mexico
94%
Wyoming
94%
Illinois
91%
Nevada
89%
Vermont
87%
Wisconsin
87%
Pennsylvania
85%
New Hampshire
81%
West virginia
81%
Massachusetts
74%
No matching quizzes found
Score Distribution
Percent of People with Each Score
Percentile by Number Answered
Your Score History
You have not taken this quiz